Modernization, leadership, and participation: theoretical issues in development sociology (Record no. 391993)

000 -LEADER
fixed length control field 00664cam a22002057a 4500
008 - FIXED-LENGTH DATA ELEMENTS--GENERAL INFORMATION
fixed length control field 180718b1999 xxu||||| |||| 00| 0 eng d
020 ## - INTERNATIONAL STANDARD BOOK NUMBER
International Standard Book Number 9066951435
082 ## - DEWEY DECIMAL CLASSIFICATION NUMBER
Classification number B11 N17
245 ## - TITLE STATEMENT
Title Modernization, leadership, and participation: theoretical issues in development sociology
Statement of responsibility, etc. edited by Peter J. M. Nas and Patricio Silva
260 ## - PUBLICATION, DISTRIBUTION, ETC.
Place of publication, distribution, etc. Leiden
Name of publisher, distributor, etc. Leiden Univ. Press
Date of publication, distribution, etc. 1999
300 ## - PHYSICAL DESCRIPTION
Extent 214p.
440 ## - SERIES STATEMENT/ADDED ENTRY--TITLE
Title Studies in social anthropology
650 ## - SUBJECT ADDED ENTRY--TOPICAL TERM
Topical term or geographic name entry element Social participation
650 ## - SUBJECT ADDED ENTRY--TOPICAL TERM
Topical term or geographic name entry element Political participation
650 ## - SUBJECT ADDED ENTRY--TOPICAL TERM
Topical term or geographic name entry element Political leadership
650 ## - SUBJECT ADDED ENTRY--TOPICAL TERM
Topical term or geographic name entry element Modernism
650 ## - SUBJECT ADDED ENTRY--TOPICAL TERM
Topical term or geographic name entry element Social change
700 ## - ADDED ENTRY--PERSONAL NAME
Personal name Silva, Patricio
700 ## - ADDED ENTRY--PERSONAL NAME
Personal name Nas, Peter J.M.
Holdings
Withdrawn status Lost status Damaged status Not for loan Permanent Location Current Location Date acquired Full call number Barcode Date last seen Price effective from Koha item type
        Indian Institute of Public Administration Indian Institute of Public Administration 2000-04-03 B11 N17 75223 2018-07-21 2018-07-21 Book

Powered by Koha